000 00753nam a2200277Ia 4500
001 7644
005 20240113234027.0
007 ta
008 050711s1994 g b000 u eng u
020 _cHB
040 _aCotton College,Assam
041 _aeng
082 _a320.01
_bGu 959 Gr
100 _aGupta, Ram Chandra.
245 0 _aGreat Politacal Thinkers: East and West /
_cRam Chandra Gupta.
_hTextual Documents
250 _a7th ed. /
260 _aAgra :
_bLakshmi Narain Agarwal ,
_c1994.
300 _aviii, 537p. ;
_c22cm.
653 _aPolitical Science
653 _aPolitics
653 _aPoliticians-East and West
653 _aPG-Political Science
942 _2ddc
_cBK
999 _c7631
_d7631